[Event "World Amateur-ch U2000"]
[Site "Muscat"]
[Date "2023.11.03"]
[Round "2.5"]
[White "Amgalanbaatar, Ravdanlkhumbuu"]
[Black "Zielinski, Olgierd"]
[Result "1-0"]
[WhiteElo "1955"]
[BlackElo "1824"]
[PlyCount "99"]
[EventDate "2023.11.02"]
[EventType "swiss"]
[EventRounds "9"]
[EventCountry "OMN"]
[SourceTitle "CB46_2023"]
[SourceDate "2023.11.15"]
[SourceVersion "1"]
[SourceVersionDate "2023.11.15"]
[SourceQuality "1"]

1. e4 c5 2. Nc3 Nc6 3. f4 g6 4. Nf3 Bg7 5. Bb5 Nd4 6. 0-0 a6 7. Bc4 b5 8. Bd5 Rb8 9. d3 e6 10. Bb3 Bb7 11. Nxd4 Bxd4+ 12. Kh1 Ne7 13. Ne2 Bg7 14. c3 0-0 15. Ng3 f5 16. Be3 Rc8 17. Bc2 d5 18. e5 d4 19. cxd4 cxd4 20. Bg1 Qb6 21. Bb3 Kf7 22. Qd2 Rfd8 23. Rac1 Nc6 24. a3 a5 25. Qd1 a4 26. Ba2 Na5 27. Rxc8 Rxc8 28. Ne2 Nc6 29. b4 Ke7 30. Qa1 Rd8 31. Rc1 h6 32. Rc5 g5 33. Qc1 gxf4 34. Qxf4 Bxe5 35. Rxe5 Nxe5 36. Qxe5 Rg8 37. Nf4 Qd6 38. Bxd4 Qxe5 39. Bxe5 Rc8 40. h4 Rc2 41. Bxe6 Bxg2+ 42. Kg1 Bf3 43. Bxf5 Ra2 44. Be6 Rxa3 45. Kf2 Bd1 46. Bd5 Bb3 47. Bc6 Ra2+ 48. Ke3 a3 49. d4 Rc2 50. d5 1-0

[Event "Eastern Asia-ch zt 3.3"]
[Site "Ulaanbaatar"]
[Date "2019.04.13"]
[Round "7"]
[White "Boldoo, Erdenepurev"]
[Black "Amgalanbaatar, Ravdanlkhumbuu"]
[Result "1-0"]
[WhiteElo "2334"]
[BlackElo "2081"]
[PlyCount "55"]
[EventDate "2019.04.07"]
[EventType "swiss"]
[EventRounds "9"]
[EventCountry "MGL"]
[SourceTitle "CBM 189 Extra"]
[Source "ChessBase"]
[SourceDate "2019.06.03"]
[SourceVersion "1"]
[SourceVersionDate "2019.06.03"]
[SourceQuality "1"]

1. d4 d6 2. Nf3 Bg4 3. e4 Nf6 4. Nc3 Nbd7 5. h3 Bxf3 6. Qxf3 e5 7. Be3 g6 8. Bc4 Bg7 9. Bb3 0-0 10. 0-0 h6 11. Rad1 Qe7 12. Qg3 Kh7 13. dxe5 dxe5 14. Nd5 Nxd5 15. Bxd5 c6 16. Bb3 Nc5 17. Bxc5 Qxc5 18. Rd7 Qb4 19. Qd3 Kg8 20. c3 Qb6 21. Qf3 c5 22. Bxf7+ Kh8 23. Qg4 g5 24. Rfd1 Qxb2 25. h4 gxh4 26. Qxh4 Qxc3 27. Be6 Rf4 28. Qe7 1-0

[Event "Eastern Asia-ch zt 3.3"]
[Site "Ulaanbaatar"]
[Date "2019.04.10"]
[Round "4"]
[White "Amgalanbaatar, Ravdanlkhumbuu"]
[Black "Ganerdene, Sugar"]
[Result "0-1"]
[WhiteElo "2081"]
[BlackElo "2375"]
[PlyCount "64"]
[EventDate "2019.04.07"]
[EventType "swiss"]
[EventRounds "9"]
[EventCountry "MGL"]
[SourceTitle "CBM 189 Extra"]
[Source "ChessBase"]
[SourceDate "2019.06.03"]
[SourceVersion "1"]
[SourceVersionDate "2019.06.03"]
[SourceQuality "1"]

1. d3 d5 2. e4 e6 3. Nd2 c5 4. Ngf3 Nc6 5. g3 Nf6 6. Bg2 Be7 7. 0-0 0-0 8. Re1 b5 9. e5 Nd7 10. Nf1 Bb7 11. h4 d4 12. N1h2 Nb6 13. Ng5 Qe8 14. Be4 Bxg5 15. hxg5 Nd7 16. Bxh7+ Kxh7 17. Qh5+ Kg8 18. Ng4 Ncxe5 19. Rxe5 Nxe5 20. Nxe5 Qe7 21. Bf4 g6 22. Qh6 f6 23. Qxg6+ Qg7 24. Qxg7+ Kxg7 25. Nd7 Rh8 26. gxf6+ Kf7 27. f3 Rad8 28. Ne5+ Kxf6 29. g4 Bd5 30. Kg2 Rh7 31. Kg3 Rdh8 32. g5+ Kf5 0-1

[Event "Eastern Asia-ch zt 3.3"]
[Site "Ulaanbaatar"]
[Date "2019.04.08"]
[Round "2"]
[White "Amgalanbaatar, Ravdanlkhumbuu"]
[Black "Dang, Hoang Son"]
[Result "1/2-1/2"]
[WhiteElo "2081"]
[BlackElo "2367"]
[PlyCount "109"]
[EventDate "2019.04.07"]
[EventType "swiss"]
[EventRounds "9"]
[EventCountry "MGL"]
[SourceTitle "CBM 189 Extra"]
[Source "ChessBase"]
[SourceDate "2019.06.03"]
[SourceVersion "1"]
[SourceVersionDate "2019.06.03"]
[SourceQuality "1"]

1. e4 c5 2. Nc3 Nc6 3. f4 e6 4. Nf3 a6 5. g3 b5 6. Bg2 Bb7 7. d3 Nf6 8. 0-0 Qb6 9. h3 d6 10. Be3 Be7 11. Ne2 Rd8 12. g4 e5 13. Qe1 Qc7 14. Ng3 exf4 15. Bxf4 Ne5 16. Nf5 0-0 17. Qg3 Ng6 18. Bd2 Rfe8 19. g5 Nd7 20. h4 Bf8 21. Rf2 Nde5 22. Raf1 d5 23. Nxe5 Qxe5 24. h5 Qxg3 25. Nxg3 Ne5 26. Ba5 Rd7 27. Bh3 Rde7 28. Nf5 Re6 29. Ng3 R6e7 30. Nf5 dxe4 31. Nxe7+ Bxe7 32. dxe4 Bxg5 33. Bd2 Bh4 34. Re2 Nc4 35. Bc1 Bf6 36. b3 Bd4+ 37. Kh2 Nd6 38. Bg2 g6 39. Be3 Nxe4 40. Bxd4 cxd4 41. Rd1 f5 42. Rxd4 Re7 43. Bxe4 Bxe4 44. Rd6 Kg7 45. Red2 Kh6 46. Rd7 Re5 47. hxg6 hxg6 48. Kg3 Kg5 49. b4 Bc6 50. R7d6 Re3+ 51. Kf2 Rc3 52. R6d3 Rc4 53. Rd4 Rc3 54. R4d3 Rc4 55. Rd4 1/2-1/2

[Event "MGL-ch 57th"]
[Site "Dadal"]
[Date "2017.03.24"]
[Round "10"]
[White "Munkhgal, Gombosuren"]
[Black "Amgalanbaatar, Ravdanlkhumbuu"]
[Result "1-0"]
[WhiteElo "2468"]
[BlackElo "2125"]
[PlyCount "75"]
[EventDate "2017.03.17"]
[EventType "tourn"]
[EventRounds "11"]
[EventCountry "MGL"]
[SourceTitle "CBM 177 Extra"]
[Source "ChessBase"]
[SourceDate "2017.04.27"]
[SourceVersion "1"]
[SourceVersionDate "2017.04.27"]
[SourceQuality "1"]

1. Nf3 d6 2. g3 Nf6 3. Bg2 c6 4. d4 Bf5 5. 0-0 h6 6. c4 Nbd7 7. Nc3 e5 8. Nh4 Bh7 9. e4 Be7 10. Nf5 0-0 11. dxe5 dxe5 12. Nxe7+ Qxe7 13. b3 Rfd8 14. Qe2 Nf8 15. Bh3 Ne6 16. Bxe6 Qxe6 17. f3 Rd7 18. Be3 b6 19. a4 a5 20. Rad1 c5 21. Rxd7 Nxd7 22. Rd1 f5 23. Nb5 Rf8 24. Rd6 Qe7 25. Qd3 Rf7 26. Qd5 fxe4 27. Re6 Qf8 28. Nd6 Nf6 29. Qxe5 Rd7 30. Rxf6 gxf6 31. Qe6+ Rf7 32. Bxh6 Qe7 33. Qc8+ Rf8 34. Bxf8 Qxf8 35. Qe6+ Kh8 36. fxe4 Bg8 37. Qh3+ Bh7 38. Qd7 1-0

[Event "MGL-ch 57th"]
[Site "Dadal"]
[Date "2017.03.21"]
[Round "6"]
[White "Amgalanbaatar, Ravdanlkhumbuu"]
[Black "Enkhnar, Enkhbaatar"]
[Result "0-1"]
[WhiteElo "2125"]
[BlackElo "2447"]
[PlyCount "74"]
[EventDate "2017.03.17"]
[EventType "tourn"]
[EventRounds "11"]
[EventCountry "MGL"]
[SourceTitle "CBM 177 Extra"]
[Source "ChessBase"]
[SourceDate "2017.04.27"]
[SourceVersion "1"]
[SourceVersionDate "2017.04.27"]
[SourceQuality "1"]

1. e4 c5 2. Nc3 Nc6 3. f4 e6 4. Nf3 d5 5. Bb5 d4 6. Bxc6+ bxc6 7. Ne2 a5 8. d3 a4 9. Bd2 Nf6 10. Ne5 Qc7 11. b3 Be7 12. 0-0 0-0 13. Ng3 Nd7 14. Nxd7 Bxd7 15. f5 axb3 16. axb3 Rxa1 17. Qxa1 Bd6 18. f6 g6 19. Bh6 Rc8 20. Qc1 Bxg3 21. hxg3 Qxg3 22. Bf4 Qh4 23. Bg5 Qg4 24. Kf2 Ra8 25. Rh1 Ra2 26. Bh6 e5 27. g3 Qe6 28. Bg7 Qxb3 29. Kf3 Rxc2 30. Qf1 h5 31. g4 Bxg4+ 32. Kg3 Rd2 33. Qa1 Rxd3+ 34. Kh4 Rh3+ 35. Rxh3 Qxh3+ 36. Kg5 Qe3+ 37. Kh4 g5# 0-1

[Event "MGL-ch 57th"]
[Site "Dadal"]
[Date "2017.03.20"]
[Round "5"]
[White "Galmandakh, Badrakh"]
[Black "Amgalanbaatar, Ravdanlkhumbuu"]
[Result "1/2-1/2"]
[WhiteElo "2256"]
[BlackElo "2125"]
[PlyCount "61"]
[EventDate "2017.03.17"]
[EventType "tourn"]
[EventRounds "11"]
[EventCountry "MGL"]
[SourceTitle "CBM 177 Extra"]
[Source "ChessBase"]
[SourceDate "2017.04.27"]
[SourceVersion "1"]
[SourceVersionDate "2017.04.27"]
[SourceQuality "1"]

1. f4 c5 2. e4 Nc6 3. Nf3 g6 4. Nc3 Bg7 5. d3 d6 6. h3 e6 7. g4 Nge7 8. Bg2 Rb8 9. a4 Nd4 10. Nb5 Nec6 11. Nbxd4 Nxd4 12. c3 Nxf3+ 13. Qxf3 Qh4+ 14. Qf2 Qxf2+ 15. Kxf2 b6 16. Be3 0-0 17. a5 b5 18. e5 Bb7 19. exd6 Bxg2 20. Kxg2 Rbc8 21. a6 Rfd8 22. Ra5 Rxd6 23. Rxb5 Rxd3 24. Bxc5 Rd5 25. b4 Bxc3 26. Rb7 Rd2+ 27. Kf3 Rd3+ 28. Kg2 Rd2+ 29. Kf3 Rd3+ 30. Ke2 Rd2+ 31. Kf3 1/2-1/2

[Event "Gibraltar Challenger op-B"]
[Site "Caleta"]
[Date "2017.02.01"]
[Round "5"]
[White "Amgalanbaatar, Ravdanlkhumbuu"]
[Black "Villar Reymundo, Juan Antonio"]
[Result "1/2-1/2"]
[WhiteElo "1988"]
[BlackElo "2212"]
[PlyCount "174"]
[EventDate "2017.01.28"]
[EventType "swiss"]
[EventRounds "5"]
[EventCountry "GGB"]
[SourceTitle "EXT 2018"]
[Source "ChessBase"]
[SourceDate "2017.10.13"]
[SourceVersion "1"]
[SourceVersionDate "2017.10.13"]
[SourceQuality "1"]

1. e4 c5 2. Nc3 Nc6 3. g3 g6 4. Bg2 Bg7 5. d3 d6 6. Be3 e5 7. Qd2 Nd4 8. Nce2 Nf6 9. h3 d5 10. c3 Nxe2 11. Nxe2 dxe4 12. dxe4 Qxd2+ 13. Bxd2 Be6 14. b3 c4 15. b4 Bd7 16. g4 Bc6 17. Ng3 b5 18. 0-0 Nd7 19. Be3 0-0 20. Rfd1 Rfc8 21. a3 Nf8 22. Ne2 Ne6 23. Kf1 a5 24. Bb6 axb4 25. axb4 Rxa1 26. Rxa1 Ra8 27. Rxa8+ Bxa8 28. Be3 Bf6 29. f3 Bg5 30. Bxg5 Nxg5 31. h4 Ne6 32. Kf2 Kf8 33. Bh3 Bc6 34. Ke3 g5 35. h5 Ke7 36. Bf1 Bd7 37. Bg2 Kf6 38. Bf1 Bc8 39. Kf2 Nc7 40. Ng3 Ne8 41. Ke3 Nd6 42. Bh3 Bd7 43. Bf1 Nc8 44. Ne2 Nb6 45. Nc1 Ke7 46. Kd2 Kd6 47. Be2 Bc6 48. Bd1 Nd7 49. Be2 Nf8 50. Bf1 Ne6 51. Ne2 Nc7 52. Ke3 Ke7 53. Bh3 Ne8 54. Bf1 Nd6 55. Ng3 Bd7 56. Ne2 Nc8 57. Kd2 Nb6 58. Bh3 Na4 59. Kc2 Kd6 60. Bf1 Be6 61. Bh3 f6 62. Bf1 Nb6 63. Kd2 Nc8 64. Ke3 Ne7 65. Bh3 Ng8 66. Ng3 Nh6 67. Kd2 Bc8 68. Ke3 Ng8 69. Ne2 Ne7 70. Bf1 Nc6 71. Bg2 Ke7 72. Bf1 Kf8 73. Ng3 Nd8 74. Ne2 Ne6 75. Kf2 Kg7 76. Ke3 Kh6 77. Kf2 Bd7 78. Ke3 Nf4 79. Nxf4 gxf4+ 80. Kf2 Kg5 81. Kg2 Kh4 82. Be2 Bc6 83. Bd1 h6 84. Be2 Kg5 85. Bd1 Bb7 86. Be2 Ba8 87. Bd1 Bc6 1/2-1/2

[Event "Gibraltar Challenger op-B"]
[Site "Caleta"]
[Date "2017.01.30"]
[Round "3"]
[White "Amgalanbaatar, Ravdanlkhumbuu"]
[Black "Verneuil, Pascal"]
[Result "1/2-1/2"]
[WhiteElo "1988"]
[BlackElo "2215"]
[PlyCount "236"]
[EventDate "2017.01.28"]
[EventType "swiss"]
[EventRounds "5"]
[EventCountry "GGB"]
[SourceTitle "EXT 2018"]
[Source "ChessBase"]
[SourceDate "2017.10.13"]
[SourceVersion "1"]
[SourceVersionDate "2017.10.13"]
[SourceQuality "1"]

1. e4 c5 2. Nc3 e6 3. g3 Nc6 4. Bg2 g6 5. d3 Bg7 6. Be3 Nd4 7. Nce2 Ne7 8. c3 Nxe2 9. Nxe2 d6 10. Qd2 0-0 11. Bh6 d5 12. Bxg7 Kxg7 13. e5 Rb8 14. d4 Nf5 15. Bh3 b6 16. Bxf5 exf5 17. h4 h5 18. Nf4 Re8 19. 0-0 c4 20. Rfe1 Be6 21. Kg2 Qe7 22. Nh3 b5 23. a3 a5 24. Nf4 Rb7 25. Rec1 Reb8 26. Qe3 Rb6 27. Ra2 Rh8 28. Rh1 Qb7 29. Rc1 Rb8 30. Rca1 Qe7 31. Qf3 Qd8 32. Qe3 R8b7 33. Qd2 Ra7 34. Qe3 Re7 35. Qd2 Re8 36. Rh1 Bc8 37. Re1 Be6 38. Rh1 Qe7 39. Re1 Rh8 40. Rh1 Kg8 41. Qe3 Rh7 42. Qd2 Rb8 43. Qe3 Kh8 44. Nh3 Kg7 45. Nf4 Rhh8 46. Qd2 Rbg8 47. Nh3 Re8 48. Nf4 Qb7 49. Re1 Rb8 50. Qe3 Rhe8 51. Qd2 Qc6 52. Qe3 Re7 53. Qd2 Rb6 54. Qe3 Bc8 55. Qd2 Kh7 56. Raa1 Qe8 57. Re2 Be6 58. Ree1 Reb7 59. Ra2 Bd7 60. Kh2 Be6 61. Nh3 Kg7 62. Nf4 Qh8 63. Qe2 Qh6 64. Kg2 Rb8 65. Qf3 Rd8 66. Rh1 Rd7 67. Rd1 Rb8 68. Nh3 Rdb7 69. Ng5 Qh8 70. Qf4 Qd8 71. Nh3 Qe7 72. Re1 Qd8 73. Qd2 Qe7 74. Nf4 Qd8 75. Rb1 Qc7 76. b4 a4 77. Nh3 Qe7 78. Qg5 Qxg5 79. Nxg5 Re7 80. Re1 Rg8 81. Rae2 Rh8 82. Kf3 Rhe8 83. Kf4 Rh8 84. Kf3 Rhe8 85. Kg2 Rh8 86. Re3 Rhe8 87. Rf3 Rh8 88. Rf4 Rhe8 89. Nf3 Bd7 90. Nd2 Kg8 91. Rf3 Kg7 92. Nf1 Bc6 93. Rf4 Re6 94. Ne3 f6 95. exf6+ Kxf6 96. Kf1 Re4 97. Rxe4 fxe4 98. Ke2 Ke6 99. g4 hxg4 100. Rg1 Rh8 101. Rxg4 Kf6 102. Kf1 Rh5 103. Kg2 Bd7 104. Rg5 Rxg5+ 105. hxg5+ Ke6 106. Kg3 Kd6 107. Kf4 Bh3 108. Kg3 Bc8 109. Ng2 Be6 110. Kf4 Bf7 111. Nh4 Ke6 112. f3 exf3 113. Nxf3 Be8 114. Ne5 Kd6 115. Ng4 Bf7 116. Nf6 Ke6 117. Ng4 Kd6 118. Ne5 Be8 1/2-1/2

[Event "Gibraltar Masters 15th"]
[Site "Caleta"]
[Date "2017.01.29"]
[Round "6"]
[White "Amgalanbaatar, Ravdanlkhumbuu"]
[Black "Gulamali, Kazim"]
[Result "1/2-1/2"]
[WhiteElo "1988"]
[BlackElo "2341"]
[PlyCount "64"]
[EventDate "2017.01.24"]
[EventType "swiss"]
[EventRounds "10"]
[EventCountry "GGB"]
[SourceTitle "CBM 177"]
[Source "ChessBase"]
[SourceDate "2017.03.16"]
[SourceVersion "1"]
[SourceVersionDate "2017.03.16"]
[SourceQuality "1"]

1. e4 c5 2. Nc3 Nc6 3. g3 g6 4. Bg2 Bg7 5. d3 d6 6. Be3 Nh6 7. h3 f5 8. Qd2 Nf7 9. Nf3 Nd4 10. Ng5 0-0 11. Nxf7 Rxf7 12. f4 Bd7 13. 0-0 Bc6 14. Nd1 Qd7 15. c3 Nb5 16. Nf2 e5 17. fxe5 dxe5 18. Bxc5 f4 19. gxf4 exf4 20. Bf3 b6 21. Bb4 a5 22. a4 Nc7 23. Ba3 Ne6 24. Qe2 Ng5 25. Kh2 Re8 26. Rg1 Qd8 27. Rae1 Kh8 28. d4 Bxa4 29. e5 Bb3 30. Ne4 Nxe4 31. Qxe4 Bf6 32. Rg4 Bh4 1/2-1/2

[Event "Ulaanbaatar Ikh Nuudel op"]
[Site "Ulaanbaatar"]
[Date "2016.10.05"]
[Round "9"]
[White "Amgalanbaatar, Ravdanlkhumbuu"]
[Black "Temuujin, Kherlen"]
[Result "1/2-1/2"]
[WhiteElo "2092"]
[BlackElo "1610"]
[PlyCount "59"]
[EventDate "2016.09.29"]
[EventType "swiss"]
[EventRounds "9"]
[EventCountry "MGL"]
[SourceTitle "CBM 174 Extra"]
[Source "ChessBase"]
[SourceDate "2016.10.10"]
[SourceVersion "1"]
[SourceVersionDate "2016.10.10"]
[SourceQuality "1"]

1. d3 e6 2. Nf3 d5 3. e4 Nf6 4. e5 Nfd7 5. d4 c5 6. c3 Nc6 7. Bd3 Qb6 8. 0-0 cxd4 9. cxd4 Nxd4 10. Nxd4 Qxd4 11. Nc3 a6 12. Re1 Bb4 13. Be3 Qh4 14. g3 Qe7 15. Bd4 Bc5 16. Bxc5 Nxc5 17. Bc2 g6 18. b4 Nd7 19. a3 b5 20. Qd4 Bb7 21. Rac1 0-0 22. h4 Rfc8 23. Bd3 Rc6 24. Ne2 Rac8 25. Rxc6 Rxc6 26. h5 Nb6 27. Qg4 Nd7 28. Nf4 d4 29. hxg6 fxg6 30. Bxg6 1/2-1/2

[Event "Gibraltar Challengers-B 13th"]
[Site "Caleta"]
[Date "2015.02.04"]
[Round "5"]
[White "Amgalanbaatar, Ravdanlkhumbuu"]
[Black "Algars, Olle"]
[Result "1-0"]
[WhiteElo "2117"]
[BlackElo "1960"]
[PlyCount "39"]
[EventDate "2015.01.31"]
[EventType "swiss"]
[EventRounds "5"]
[EventCountry "GGB"]
[SourceTitle "CBM 164 Extra"]
[Source "ChessBase"]
[SourceDate "2015.03.02"]
[SourceVersion "1"]
[SourceVersionDate "2015.03.02"]
[SourceQuality "1"]

1. e4 c5 2. Nf3 d6 3. d4 cxd4 4. Nxd4 Nf6 5. Nc3 a6 6. Be3 e5 7. Nb3 Be7 8. f3 Nbd7 9. Qd2 Qc7 10. 0-0-0 b5 11. g4 Nb6 12. Bxb6 Qxb6 13. g5 Nh5 14. Nd5 Qd8 15. Nxe7 Kxe7 16. Na5 Ke8 17. Nc6 Qc7 18. Qxd6 Qxd6 19. Rxd6 f6 20. Rd8+ 1-0

[Event "Gibraltar Masters 13th"]
[Site "Caleta"]
[Date "2015.01.30"]
[Round "4"]
[White "Amgalanbaatar, Ravdanlkhumbuu"]
[Black "Tari, Aryan"]
[Result "0-1"]
[WhiteElo "2117"]
[BlackElo "2487"]
[PlyCount "72"]
[EventDate "2015.01.27"]
[EventType "swiss"]
[EventRounds "10"]
[EventCountry "GGB"]
[SourceTitle "CBM 165"]
[Source "ChessBase"]
[SourceDate "2015.03.11"]
[SourceVersion "1"]
[SourceVersionDate "2015.03.11"]
[SourceQuality "1"]

1. e4 c6 2. d3 d5 3. Nd2 e5 4. Ngf3 Bd6 5. Be2 Nf6 6. 0-0 0-0 7. b3 Re8 8. Bb2 a5 9. a3 Nbd7 10. Re1 Qc7 11. h3 b6 12. Nh2 Bb7 13. Bf3 Rad8 14. Ndf1 dxe4 15. dxe4 Nf8 16. Qc1 Ne6 17. c3 c5 18. g3 c4 19. b4 Be7 20. Bg2 Rd3 21. h4 Red8 22. Qc2 Bf8 23. Bc1 h6 24. Nd2 b5 25. Bf1 R3d7 26. Bh3 Rd6 27. Ng4 Nxg4 28. Bxg4 Bc8 29. Be2 Nf4 30. gxf4 Rg6+ 31. Kh1 Rxd2 32. Qxd2 Qe7 33. Bg4 Qxh4+ 34. Kg2 Qxg4+ 35. Kf1 Qg2+ 36. Ke2 Bg4+ 0-1

[Event "Penang op 6th"]
[Site "Penang"]
[Date "2014.12.10"]
[Round "4"]
[White "Lee, Kah Howe William"]
[Black "Amgalanbaatar, Ravdanlkhumbuu"]
[Result "1-0"]
[WhiteElo "1843"]
[BlackElo "2169"]
[PlyCount "47"]
[EventDate "2014.12.08"]
[EventType "swiss"]
[EventRounds "9"]
[EventCountry "MAS"]
[SourceTitle "CBM 163 Extra"]
[Source "ChessBase"]
[SourceDate "2014.12.23"]
[SourceVersion "1"]
[SourceVersionDate "2014.12.23"]
[SourceQuality "1"]

1. e4 g6 2. d4 Bg7 3. Nc3 c5 4. Be3 Nc6 5. Nf3 Qa5 6. Qd2 d6 7. h3 Bd7 8. Be2 a6 9. Rd1 0-0-0 10. 0-0 e6 11. a3 Nge7 12. b4 cxb4 13. axb4 Nxb4 14. Ra1 Qc7 15. Rfb1 a5 16. Rxb4 Kb8 17. Nb5 Qb6 18. d5 Qa6 19. Ba7+ Qxa7 20. Nxa7 axb4 21. Ra2 Bc3 22. Qe3 exd5 23. Qb6 dxe4 24. Qxd6+ 1-0